000 00365nam a2200121Ia 4500
008 220620s9999||||xx |||||||||||||| ||und||
245 0 _aModern Metrology Concerns
546 _aEnglish[eng]
650 _aIndustry & industrial studies
700 _aCocco, Luigi
856 _uhttps://mts.intechopen.com/storage/books/1547/authors_book/authors_book.pdf
942 _cEB
999 _c30845
_d30845